Plan de estudios para la educación de jóvenes y adultos /
| Соавтор: | |
|---|---|
| Формат: | |
| Язык: | испанский |
| Опубликовано: |
Costa Rica :
MEP,
2001
|
| Предметы: |
MARC
| LEADER | 00000nam a2200000Ia 4500 | ||
|---|---|---|---|
| 008 | 180321b2001 cr ||||| |||| 00| | spa d | ||
| 999 | |c 1674 |d 1674 | ||
| 090 | |a 06.03.02 |b 1327 | ||
| 110 | 1 | |a Costa Rica. Ministerio de Educación Pública |9 545 | |
| 245 | 1 | 0 | |a Plan de estudios para la educación de jóvenes y adultos / |c Ministerio de Educación Pública |
| 260 | |a Costa Rica : |b MEP, |c 2001 | ||
| 300 | |a 56 páginas | ||
| 650 | 1 | 4 | |a PROGRAMA DE ESTUDIOS |9 1364 |
| 650 | 1 | 4 | |a EDUCACIÓN DE ADULTOS |9 809 |
| 942 | |i 002099 |h 06.03.02 1327 |2 z |c 01 | ||
